Städte und Gemeinden Landkreis Mittelsachsen - Statistiken

Allgemein
  • Dieses Quiz wurde 9 mal gespielt
  • Das Durchschnittsergebnis liegt bei 17 aus 51
Antwortstatistiken
Einwohner:innenzahl Kommune % Korrekt
40.485 Freiberg
100%
23.763 Döbeln
88%
14.332 Mittweida
88%
5688 Rochlitz
88%
10.516 Flöha
63%
1882 Altmittweida
50%
4495 Augustusburg
50%
13.750 Frankenberg/Sachsen
50%
1992 Kriebstein
50%
8249 Leisnig
50%
4745 Niederwiesa
50%
7355 Roßwein
50%
1697 Sayda
50%
9033 Waldheim
50%
3126 Erlau
38%
4158 Geringswalde
38%
5502 Großschirma
38%
8448 Hainichen
38%
6777 Hartha
38%
2530 Neuhausen/Erzgebirge
38%
9419 Penig
38%
2340 Taura
38%
1753 Wechselburg
38%
5695 Bobritzsch-Hilbersdorf
25%
10.475 Burgstädt
25%
1512 Dorfchemnitz
25%
2714 Frauenstein
25%
4983 Halsbrücke
25%
4761 Jahnatal
25%
4080 Lunzenau
25%
2119 Mühlau
25%
2428 Mulda/Sachsen
25%
7782 Oederan
25%
1789 Rechenberg-Bienenmühle
25%
3483 Rossau
25%
3945 Eppendorf
13%
2450 Großhartmannsdorf
13%
2674 Großweitzschen
13%
4453 Hartmannsdorf
13%
3265 Leubsdorf
13%
2658 Lichtenberg/Erzgebirge
13%
3249 Oberschöna
13%
2832 Reinsberg
13%
1674 Seelitz
13%
4546 Striegistal
13%
2491 Weißenborn/Erzgebirge
13%
672 Zettlitz
13%
2915 Claußnitz
0%
1356 Königsfeld
0%
2585 Königshain-Wiederau
0%
7008 Lichtenau
0%
Keine übereinstimmenden Quizze gefunden
Verteilung der Resultate
Anzahl Personen mit jedem Resultat
Perzentil nach korrekt beantworteten Fragen
Ihre Resultats-Entwicklung
Sie haben dieses Quiz noch nicht gespielt